Chincolo / (Record no. 1018)

MARC details
000 -LEADER
campo de control de longitud fija 00895nam a22002297a 4500
008 - DATOS DE LONGITUD FIJA--INFORMACIÓN GENERAL
campo de control de longitud fija 160820s2014 mx||||| |||| 00| 0 spa d
082 04 - NÚMERO DE LA CLASIFICACIÓN DECIMAL DEWEY
Número de clasificación 708
Número de ítem C167c
100 ## - ENTRADA PRINCIPAL--NOMBRE DE PERSONA
Nombre de persona Calva, Maru.
9 (RLIN) 5433
245 10 - MENCIÓN DEL TÍTULO
Título Chincolo /
Mención de responsabilidad, etc. Maru Calva y Mauricio Marcin ; fotografía por Nattán Guzmán.
250 ## - MENCION DE EDICION
Mención de edición 1a ed.
260 ## - PUBLICACIÓN, DISTRIBUCIÓN, ETC.
Lugar de publicación, distribución, etc. México :
Nombre del editor, distribuidor, etc. Cooperativa Cráter Invertido,
Fecha de publicación, distribución, etc. 2014.
300 ## - DESCRIPCIÓN FÍSICA
Extensión 19 p.
Otras características físicas il. col.
500 ## - NOTA GENERAL
Nota general Catálogo publicado con motivo a la exposición "Chincolo", presentada en el Cooperativa Cráter Invertido, el 2 de octubre de 2014.
500 ## - NOTA GENERAL
Nota general El texto es una apropiación libre del cuento "Las Máscaras" de Giovanni Papini.
653 10 - TÉRMINO DE INDIZACIÓN--NO CONTROLADO
Término no controlado Arte contemporáneo
653 10 - TÉRMINO DE INDIZACIÓN--NO CONTROLADO
Término no controlado Catálogo de exhibición
653 10 - TÉRMINO DE INDIZACIÓN--NO CONTROLADO
Término no controlado Exhibiciones
653 10 - TÉRMINO DE INDIZACIÓN--NO CONTROLADO
Término no controlado Fotografía
653 10 - TÉRMINO DE INDIZACIÓN--NO CONTROLADO
Término no controlado Arte - Tradiciones
700 1# - ENTRADA AGREGADA--NOMBRE PERSONAL
Nombre de persona Marcin, Mauricio.
9 (RLIN) 5434
700 1# - ENTRADA AGREGADA--NOMBRE PERSONAL
Nombre de persona Guzmán, Nattán.
Término indicativo de función/relación Fotógrafo.
9 (RLIN) 5435
Holdings
Estatus retirado Estado de pérdida Fuente del sistema de clasificación o colocación Estado de daño No para préstamo Biblioteca de origen Biblioteca actual Ubicación en estantería Fecha de adquisición Total de préstamos Signatura topográfica completa Código de barras Visto por última vez Precio de reemplazo Tipo de ítem Koha
    Clasificación Decimal Dewey     Biblioteca LadoV Biblioteca LadoV   20/08/2016   708 C167c 004174 20/08/2016 20/08/2016 Material 01